00378nam a2200145Ia 4500008004100000084001200041100002100053245005000074250002000124260002200144260000900166260001200175300001000187500003500197180424s9999 xx 000 0 und d aT21 A38 a"Anandakumar, P" 0aBharathi Asan Apparao Kavithaikali Punaiviyal a\\200000TAMGPSX aMuthu Pathippagam b2000 cMadurai a275p. aincludes index and biblioraphy